| 000 | nam a22 a 4500 | ||
|---|---|---|---|
| 999 |
_c125036 _d125036 |
||
| 003 | BLK | ||
| 005 | 20220526135511.0 | ||
| 008 | 180409b bul|||||r ||||||| ||bul|| | ||
| 010 | _aKNG00130705000 | ||
| 040 | _aBLK | ||
| 041 |
_aBUL _cBUL |
||
| 080 |
_aЕксплоатация на железопътния транспорт (Вж и 625.1 ; 629.4) _b656.2 _x(497.2) _z656.2(497.2) |
||
| 080 |
_aВагонни и локомотивни депа _b629.47 _x.008(497.2) _z629.47.008(497.2) |
||
| 100 | 1 |
_aБарбов, Тома Стефанов _eпърви автор _9319135 |
|
| 139 |
_aБарбов, Тома Стефанов и др. _bБ 26 |
||
| 245 | 1 | 0 |
_aОрганизация на вагонното стопанство на БДЖ _cТома Стефанов Барбов; съавт. Александър Л. Попов. |
| 257 | _aBGR | ||
| 260 |
_aСофия _bТехника _c1966 _fКоларовград : Г. Димитров |
||
| 300 |
_a188 с. _bс черт., 2 л. сх. _c25 см |
||
| 380 | _a3 | ||
| 500 | _a2 280 тир. | ||
| 650 | 4 |
_aТранспорт, железопътен - стопанска дейност _9316637 |
|
| 651 | 4 |
_aБългария _9241624 |
|
| 653 | _aжелезопътен транспорт | ||
| 653 | _aвагони | ||
| 653 | _aБДЖ | ||
| 700 | 1 |
_aПопов, Александър Л. _eсъавт. _9319149 |
|
| 852 |
_aЦб 37127 _bЦб |
||
| 856 | 4 | _qpdf | |
| 856 | 4 | _qpdf | |
| 942 |
_cKNG _n0 _s1 |
||
| 944 |
_aCR _c18.05.2012 _l18.05.2012 - от С1,Р / 18.05.2012 _kСевдалина_Василева |
||
| 944 |
_aED _c18.05.2012 _l18.05.2012 - от С1,Р / 18.05.2012 |
||